00423nam a2200169 a 450000100060000000300090000600800410001502000150005604000280007108200160009910000200011524500310013526000340016630000110020065000210021165000210023217685CO-ViMGA141112s2004 ck r 000 u spa d a9586078922 aCO-ViMGAbspacCO-ViMGA04a323.4 V455d1 aVillegas, Fabio10aDerechos y deberes humanos aBogotá, cSan Pablo, c1998 a119.p.14aDERECHOS CIVILES14aDERECHOS HUMANOS